[Event "43rd North Shore Open"]
[Site "Auckland NZL"]
[Date "2016.08.21"]
[Round "5.1"]
[White "Ang, Alphaeus Wei Ern"]
[Black "McLaren, Leonard J"]
[Result "1/2-1/2"]
[WhiteElo "2210"]
[BlackElo "2340"]
[PlyCount "122"]
[EventDate "2016.08.20"]

1. d4 Nf6 2. c4 e6 3. Nc3 Bb4 4. e3 O-O 5. Bd3 d5 6. Nf3 c5 7. O-O cxd4 8. exd4
dxc4 9. Bxc4 b6 10. Bg5 h6 11. Bh4 Bb7 12. Qe2 Re8 13. Rfd1 Nbd7 14. Ne5 g5 15.
Bg3 Bf8 16. f4 Qe7 17. fxg5 hxg5 18. h4 Nxe5 19. dxe5 Nh7 20. Bd3 Bg7 21. Qh5
Nf8 22. hxg5 Bxe5 23. Bf2 Rad8 24. Ne2 Rd5 25. Bc4 Rxd1+ 26. Rxd1 Rd8 27. Rxd8
Qxd8 28. Bb3 Qd3 29. Nc3 Ng6 30. Qd1 Qxd1+ 31. Nxd1 Nf4 32. Ne3 Bxb2 33. Nc4
Bd4 34. Bxd4 Ne2+ 35. Kf2 Nxd4 36. Nd6 Nxb3 37. axb3 Bd5 38. Nc8 Bxb3 39. Nxa7
Bd5 40. g3 Kg7 41. Ke3 Kg6 42. Kf4 Bc4 43. Nc6 b5 44. Ne5+ Kg7 45. Nc6 Bf1 46.
Nb4 Bc4 47. Nc6 Bd5 48. Nb4 f6 49. gxf6+ Kxf6 50. Nd3 Ba8 51. g4 Bd5 52. g5+
Kg6 53. Ne5+ Kh5 54. Nd3 Ba2 55. Nb4 Bb1 56. Ke5 Kxg5 57. Kxe6 Kf4 58. Kd5 Bg6
59. Kc5 Be8 60. Nd5+ Ke5 61. Nc3 Bd7 1/2-1/2

[Event "43rd North Shore Open"]
[Site "Auckland NZL"]
[Date "2016.08.21"]
[Round "5.2"]
[White "Hague, Ben"]
[Black "Capel, Evan T"]
[Result "1-0"]
[WhiteElo "2480"]
[BlackElo "2411"]
[PlyCount "113"]
[EventDate "2016.08.20"]

1. e4 d5 2. exd5 Qxd5 3. Nf3 Nc6 4. Be2 Nf6 5. O-O Bg4 6. h3 Bh5 7. Nc3 Qa5 8.
a3 O-O-O 9. d3 e5 10. Bd2 Qc5 11. b4 Qd6 12. b5 Ne7 13. Ng5 Bg6 14. Bf3 h6 15.
Nge4 Nxe4 16. Nxe4 Bxe4 17. Bxe4 f5 18. Bf3 Kb8 19. Qe1 g5 20. g4 e4 21. dxe4
Bg7 22. Bc3 Bxc3 23. Qxc3 fxg4 24. hxg4 Qf4 25. Rad1 Ng6 26. Qe3 Rdf8 27. Qxf4
Rxf4 28. Bg2 Rxg4 29. f3 Rf4 30. Rd7 b6 31. Kh2 Ne5 32. Rd5 Nc4 33. Rfd1 Nxa3
34. Bh3 Rff8 35. R1d2 Nc4 36. R2d3 Nd6 37. e5 Nc8 38. Rd7 h5 39. Rc3 g4 40. Bg2
gxf3 41. Bxf3 Rxf3 42. Rxf3 Re8 43. Rf5 h4 44. c4 Ne7 45. Rf7 Nc8 46. Kh3 Rxe5
47. Rd8 Kb7 48. Rff8 Rc5 49. Rxc8 c6 50. Rb8+ Kc7 51. Ra8 Rxc4 52. Rxa7+ Kd6
53. Rf6+ Kd5 54. Rd7+ Kc5 55. bxc6 Kb5 56. c7 Ka6 57. Rf8 1-0

[Event "43rd North Shore Open"]
[Site "Auckland NZL"]
[Date "2016.08.21"]
[Round "5.3"]
[White "Picken, Oliver"]
[Black "Polishchuk, Kirill"]
[Result "0-1"]
[WhiteElo "1751"]
[BlackElo "2231"]
[PlyCount "64"]
[EventDate "2016.08.20"]

1. d3 e5 2. c4 Nc6 3. g3 f5 4. Bg2 Nf6 5. Nd2 a5 6. Ngf3 Bc5 7. e3 O-O 8. b3 f4
9. Nf1 d6 10. d4 exd4 11. gxf4 Ne4 12. exd4 Nc3 13. Qc2 Bf5 14. Qb2 Nxd4 15.
Nxd4 Bxd4 16. Be3 Qe7 17. Rc1 Bxe3 18. fxe3 Ne4 19. Nd2 Qh4+ 20. Kd1 Nf2+ 21.
Ke2 Nd3 22. Bd5+ Kh8 23. Qd4 Nxc1+ 24. Rxc1 Qxh2+ 25. Kd1 Qg1+ 26. Ke2 Qxc1 27.
e4 Bg4+ 28. Kd3 Rxf4 29. Bxb7 Raf8 30. Bd5 Rf3+ 31. Nxf3 Rxf3+ 32. Ke2 Rf1+ 0-1

[Event "43rd North Shore Open"]
[Site "Auckland NZL"]
[Date "2016.08.21"]
[Round "5.4"]
[White "Morrell, Gordon"]
[Black "Fan, Allen Chi Zhou"]
[Result "1-0"]
[WhiteElo "2161"]
[BlackElo "2053"]
[PlyCount "73"]
[EventDate "2016.08.20"]

1. d4 Nf6 2. c4 g6 3. Nc3 Bg7 4. e4 d6 5. h3 O-O 6. Bg5 c6 7. Qd2 e5 8. d5 Qa5
9. a3 c5 10. Bd3 Na6 11. Nge2 Nc7 12. O-O Re8 13. b4 Qb6 14. b5 Qa5 15. Nc1
Ncxd5 16. Nxd5 Qxd2 17. Nxf6+ Bxf6 18. Bxd2 Be6 19. Ne2 a6 20. Nc3 Bg7 21. bxa6
Rxa6 22. Rfb1 Rb8 23. a4 Kf8 24. Nd5 Bc8 25. a5 f5 26. Bg5 Kf7 27. f3 h6 28.
Bd8 Bf8 29. Bb6 f4 30. Nc7 Raa8 31. Nxa8 Rxa8 32. a6 bxa6 33. Ba5 Be7 34. Ra2
Ke8 35. Rab2 Kd7 36. Bc2 Ra7 37. Rb8 1-0

[Event "43rd North Shore Open"]
[Site "Auckland NZL"]
[Date "2016.08.21"]
[Round "5.5"]
[White "Krstev, Antonio"]
[Black "Gong, Daniel Hanwen"]
[Result "0-1"]
[WhiteElo "2086"]
[BlackElo "2264"]
[PlyCount "80"]
[EventDate "2016.08.20"]

1. d4 Nf6 2. c4 c5 3. d5 e5 4. Nc3 d6 5. e4 g6 6. Bd3 Bg7 7. f4 Nh5 8. Nge2
exf4 9. Bxf4 Qh4+ 10. g3 Qe7 11. Qc2 Nd7 12. O-O-O Ne5 13. Rdf1 Bh3 14. Rd1 O-O
15. Ng1 Bg4 16. Rf1 a6 17. h3 Bd7 18. Nf3 Nxd3+ 19. Qxd3 b5 20. Nd2 Nxf4 21.
gxf4 f5 22. Re1 fxe4 23. Ndxe4 Bf5 24. Re2 Qd7 25. h4 Bh6 26. Qg3 b4 27. Nd1
Rae8 28. Rhe1 Bxe4 29. Rxe4 Rxe4 30. Rxe4 Rxf4 31. Rxf4 Qf5 32. Qf3 Bxf4+ 33.
Ne3 Qe5 34. Kd2 Qxb2+ 35. Ke1 Qc3+ 36. Kf1 Qd3+ 37. Kg2 Qxe3 38. Qg4 Qg3+ 39.
Qxg3 Bxg3 40. Kxg3 Kf7 0-1

[Event "43rd North Shore Open"]
[Site "Auckland NZL"]
[Date "2016.08.21"]
[Round "5.6"]
[White "Browne, Jeremy A"]
[Black "Goodhue, Nathan"]
[Result "1/2-1/2"]
[WhiteElo "2136"]
[BlackElo "2036"]
[PlyCount "64"]
[EventDate "2016.08.20"]

1. d4 e6 2. e4 d5 3. Nc3 dxe4 4. Nxe4 Bd7 5. Nf3 Bc6 6. Bd3 Nd7 7. Qe2 Ngf6 8.
Bg5 Be7 9. O-O-O Nxe4 10. Bxe7 Nc3 11. Bxd8 Nxe2+ 12. Bxe2 Rxd8 13. h4 Bxf3 14.
Bxf3 c6 15. Rhe1 O-O 16. c3 Nf6 17. g4 Rd7 18. g5 Nd5 19. Bg4 Nc7 20. f4 f5 21.
Bf3 Nd5 22. Bxd5 exd5 23. Re5 g6 24. Kc2 Kg7 25. Kd3 Kf7 26. h5 Re7 27. Rde1
Rxe5 28. Rxe5 Re8 29. h6 Rxe5 30. dxe5 c5 31. b4 b6 32. bxc5 bxc5 1/2-1/2

[Event "43rd North Shore Open"]
[Site "Auckland NZL"]
[Date "2016.08.21"]
[Round "5.7"]
[White "Hair, Philip I"]
[Black "Johns, Daniel P"]
[Result "1/2-1/2"]
[WhiteElo "1942"]
[BlackElo "1979"]
[PlyCount "56"]
[EventDate "2016.08.20"]

1. e4 e5 2. Nc3 Nc6 3. Nf3 Nf6 4. a3 d5 5. Bb5 Nxe4 6. Nxe4 dxe4 7. Nxe5 Qd5 8.
Bxc6+ bxc6 9. Ng4 Qg5 10. Ne3 Ba6 11. Qg4 Qxg4 12. Nxg4 Bd6 13. Ne3 g6 14. b3
f5 15. Nc4 Bxc4 16. bxc4 Rb8 17. O-O Be5 18. c3 Kf7 19. f3 exf3 20. Rxf3 Kg7
21. d4 Bf6 22. Bf4 Rb7 23. Re3 Kf7 24. Rae1 Rd8 25. Be5 Re8 26. Bxf6 Rxe3 27.
Rxe3 Kxf6 28. d5 cxd5 1/2-1/2

[Event "43rd North Shore Open"]
[Site "Auckland NZL"]
[Date "2016.08.21"]
[Round "5.8"]
[White "Zhang, Jasmine Haomo"]
[Black "Riding, Christopher L"]
[Result "1-0"]
[WhiteElo "1940"]
[BlackElo "1844"]
[PlyCount "81"]
[EventDate "2016.08.20"]

1. d4 d5 2. Nf3 Nf6 3. Bf4 Nc6 4. e3 g6 5. Bd3 Bg7 6. c3 O-O 7. Nbd2 Re8 8. h3
Nh5 9. Bh2 e5 10. dxe5 Bxe5 11. Nxe5 Nxe5 12. Bxe5 Rxe5 13. Nf3 Re8 14. O-O Qf6
15. Be2 c6 16. Nd4 Ng7 17. Bg4 Bxg4 18. Qxg4 Re4 19. Qg3 Rae8 20. Nf3 h6 21.
Nh2 Nf5 22. Ng4 Qg5 23. Qc7 h5 24. Nh2 Rxe3 25. fxe3 Qxe3+ 26. Rf2 Re7 27. Qf4
Qc5 28. Qb4 Qe3 29. Nf1 Qg5 30. Qf4 Qf6 31. Ng3 Re4 32. Nxe4 dxe4 33. Qxe4 Qg5
34. Qf4 Qe7 35. Raf1 Qc5 36. Kh1 h4 37. Kh2 Qd5 38. Rd2 Qe6 39. b3 Ng3 40. Rd8+
Kg7 41. Qd4+ 1-0

[Event "43rd North Shore Open"]
[Site "Auckland NZL"]
[Date "2016.08.21"]
[Round "5.9"]
[White "Ha, Huy Minh (Timothy)"]
[Black "Duneas, John"]
[Result "0-1"]
[WhiteElo "1746"]
[BlackElo "2205"]
[PlyCount "74"]
[EventDate "2016.08.20"]

1. d4 d5 2. Nf3 Nf6 3. Bf4 c5 4. c3 e6 5. e3 Nc6 6. Nbd2 Be7 7. Bd3 O-O 8. Ne5
Qb6 9. Nxc6 bxc6 10. b3 a5 11. O-O cxd4 12. exd4 Ba6 13. Qc2 c5 14. dxc5 Bxc5
15. h3 Rfc8 16. Bxa6 Qxa6 17. c4 Bb4 18. Rac1 a4 19. bxa4 Bxd2 20. Qxd2 Rxc4
21. Be5 Ne4 22. Qe3 Rxa4 23. f3 Nd6 24. Qg5 Nf5 25. g4 h6 26. Qd2 Rxa2 27. Qxa2
Qxa2 28. Ra1 Nh4 29. Rxa2 Rxa2 30. Rf2 Rxf2 31. Kxf2 f6 32. Bd6 Kf7 33. Bc5 e5
34. Kg3 g5 35. Kf2 Ng6 36. Kg3 Ke6 37. h4 gxh4+ 0-1